Loading...
| Science - Biology | 0 | 3 | 1 | 0 | 25 | 78 | 93.00 | 0 | 3 |
| Science - Chemistry | 0 | 2 | 0 | 1 | 20 | 87 | 103.50 | 0 | 2 |
| History - Other History | 0 | 1 | 0 | 1 | 10 | 128 | 128.00 | 0 | 1 |
| Literature - British Literature | 0 | 1 | 0 | 0 | 10 | 90 | 90.00 | 0 | 1 |
| Other Academic | 0 | 1 | 0 | 1 | 10 | 128 | 128.00 | 0 | 1 |
| Religion | 0 | 1 | 0 | 0 | 10 | 99 | 99.00 | 0 | 1 |
| Fine Arts - Classical Music | 0 | 1 | 0 | 1 | 10 | 121 | 121.00 | 0 | 1 |
| History - American History | 0 | 1 | 0 | 1 | 10 | 128 | 128.00 | 1 | 1 |
| Science - Other Science | 0 | 1 | 0 | 0 | 10 | 117 | 117.00 | 0 | 1 |
| History - European History | 0 | 0 | 1 | 0 | -5 | 0.00 | 0 | 0 | |
| Mythology | 0 | 0 | 1 | 0 | -5 | 0.00 | 0 | 0 |